[Event "Treviso Lega op-B 2nd"]
[Site "Treviso"]
[Date "2018.03.04"]
[Round "4"]
[White "Candian, Lorenzo"]
[Black "Lioni, Oscar"]
[Result "1/2-1/2"]
[WhiteElo "1295"]
[BlackElo "1614"]
[PlyCount "142"]
[EventDate "2018.03.02"]
[EventType "swiss"]
[EventRounds "5"]
[EventCountry "ITA"]
[SourceTitle "EXT 2022"]
[Source "ChessBase"]
[SourceDate "2021.10.06"]
[SourceVersion "1"]
[SourceVersionDate "2021.10.06"]
[SourceQuality "1"]

1. c4 Nf6 2. Nc3 c6 3. g3 d5 4. cxd5 Nxd5 5. Bg2 e5 6. d4 Bb4 7. Bd2 Nb6 8. a3 exd4 9. axb4 dxc3 10. Bxc3 0-0 11. Qc2 Nd5 12. Rd1 Qe7 13. Bxd5 cxd5 14. Rxd5 Bd7 15. Nf3 Bc6 16. Re5 Qd6 17. 0-0 Nd7 18. Rd1 Qh6 19. Rg5 f6 20. Rg4 g6 21. Nh4 g5 22. f3 Rae8 23. Nf5 Qh3 24. Nd4 Ne5 25. Nxc6 Nxg4 26. fxg4 bxc6 27. Rd7 Re5 28. Bxe5 fxe5 29. Qc4+ Kh8 30. Rf7 Rd8 31. Rf1 Qh6 32. Qc5 Qg7 33. Qxc6 Rb8 34. b3 h6 35. Qf6 Rxb4 36. Qf8+ Qxf8 37. Rxf8+ Kg7 38. Ra8 Rb7 39. b4 Kf6 40. Rf8+ Kg7 41. Rf5 Rb5 42. Kf2 Kg6 43. Kf3 a6 44. Ke4 Rxb4+ 45. Kxe5 a5 46. Rf6+ Kg7 47. Ra6 a4 48. h3 Rb3 49. h4 a3 50. hxg5 hxg5 51. Kf5 Rb5+ 52. Ke6 Rb3 53. e4 Rxg3 54. Kf5 Re3 55. e5 Kf7 56. Kxg5 Rxe5+ 57. Kf4 Re1 58. Rxa3 Rb1 59. g5 Rb5 60. Kg4 Rb1 61. Kh4 Rb4+ 62. Kh5 Rb7 63. g6+ Kg7 64. Rg3 Rb6 65. Rg5 Rd6 66. Ra5 Rd7 67. Ra6 Rb7 68. Kg5 Rb5+ 69. Kf4 Rc5 70. Re6 Rb5 71. Kg4 Ra5 1/2-1/2